000 00506nam a2200181Ia 4500
001 5170
005 20260306145848.0
008 260306t2019||||xx |||||||||||||| ||spa||
041 _aESP
082 _a338.740985
_bD98
100 _aDurand, Francisco
_eAUT
245 0 _aLos doce apóstoles de la economía peruana:
_buna mirada social a los grupos de poder limeños y provincianos
260 _c2019
300 _a368 páginas :
_c24 cm.
650 _aGEN
654 _aCAN
942 _cLIB
_dJUS
_fJUS
_2ddc
_n
999 _c5170
_d5170